00583nam a22001818a 450000500170000000800410001701000170005802000230007503500170009804000180011508200140013310000190014724500630016626000400022927000560026930000270032550000490035220010117122637.0010110s2001 nyu 000 0 eng  aB-270278-285 a8189913755c690.00 aB-270278-285 adplbEnglish  a016.02072 aMohanti, T.C.  aResearch methodology in library science /cby T.C. Mohanti aNew Delhi bAlfa Publicationsc2008 a4398/5, Ansari Road, Daryaganj,bNew Delhi e110002 avi, 271p. c22cm (Hb)  aIncludes bibliographical reference and index